000 00516cam a2200181 a 4500
020 _a0849353238 (v. 1)
020 _a0849353246 (v. 2)
020 _a0849353254 (v. 3)
040 _cDLC
082 0 0 _a664 CRC 1983 A043 Or.
245 0 0 _aPreservation of food by ionizing radiation /
260 _aBoca Raton, Fla. :
_bCRC Press,
_cc1982-c1983.
300 _a3 v. :
_bill. ;
_c26 cm.
650 0 _aRadiation preservation of food.
700 1 _aJosephson, Edward S.
700 1 _aPeterson, Martin S.
942 _cEK
999 _c12583
_d12583